Statistiques concernant Les attaques Pokémon à plus de 100 de puissance

Cliquez ici pour prendre le quiz!

Statistiques générales

  • Ce quiz a été pris 2 010 fois
    (1 646 depuis la dernière actualisation)
  • Le résultat moyen est 31 sur 96

Statistiques - réponses

Puis.Type de quizRéponse% Correct
NormalUltralaser
86%
EauHydrocanon
83%
FeuDéflagration
81%
250NormalExplosion
81%
SolSéisme
79%
ElectrFatal-Foudre
77%
CombatClose Combat
74%
200NormalDestruction
74%
DragonDraco Météor
69%
GlaceBlizzard
68%
NormalGiga-Impact
63%
VolRapace
63%
EauHydroblast
61%
180FeuCoup Victoire
55%
PlanteLance-Soleil
55%
DragonHurle-Temps
54%
RocheLame de Roc
53%
FeuBoutefeu
51%
FeuRafale Feu
49%
DragonColère
47%
PlanteTempête Verte
47%
PlanteVégé-Attak
47%
FeuFeu Sacré
45%
DragonSpatio-Rift
45%
VolPique
43%
NormalDamoclès
42%
120VolDraco-Ascension
41%
SpectreRevenant
40%
FeuSurchauffe
40%
100VolAéroblast
39%
NormalJugement
39%
150FeuEruption
38%
CombatExploforce
38%
SolLame Pangéenne
37%
PsyFrappe Psy
36%
EauGiclédo
36%
PoisonDétricanon
35%
DragonDracocharge
35%
ElectrEclair Croix
35%
ElectrElectacle
35%
CombatMitra-Poing
34%
FeuFlamme Croix
33%
PsyPsycho Boost
32%
VolVent Violent
32%
PsyPrescience
31%
110EauOnde Originelle
30%
FeuFlamme Bleue
29%
RocheFracass'Tête
29%
CombatPied Voltige
29%
CombatDynamopoing
27%
RocheRoc-Boulet
27%
CombatSurpuissance
27%
GlaceEclair Gelé
26%
ElectrElecanon
26%
InsectMégacorne
25%
PlanteMartobois
23%
140AcierCarnareket
21%
ElectrCharge Foudre
21%
FeuFeu d'Enfer
21%
GlaceFeu Glacé
21%
PlanteDanse-Fleur
20%
CombatCoup-Croix
19%
125PlanteLame Solaire
19%
FéeCanon Floral
18%
PlanteFulmigraine
18%
PlanteMégafouet
18%
AcierQueue de Fer
18%
NormalUltimawashi
18%
AcierChoc Météore
17%
PsyDévorêve
17%
NormalMania
17%
SpectreRayon Spectral
17%
FeuVortex Magma
17%
NormalDernier Recours
16%
160PsyLaser Prisme
16%
CombatMarto-Poing
16%
RocheOrage Adamantin
16%
NormalBang Sonique
15%
FeuIncendie
15%
CombatPied Sauté
15%
FeuFlamme Ultime
14%
EauJet de Vapeur
14%
NormalPeignée
12%
PoisonEructation
10%
FéeLumière du Néant
10%
PsyPhoto-Geyser
9%
NormalTechno Buster
9%
130NormalCoud'Krâne
8%
DragonSanction Suprême
7%
FeuCarapiège
6%
GlaceMarteau de Glace
6%
EauPince-Masse
6%
DragonVibrécaille
6%
PsySynchropeine
5%
VolBec-Canon
4%
NormalBomb'Oeuf
4%

Distribution des résultats

Percentile par nombre de réponses

% des personnes avec chaque résultat

Votre développement - résultats

Vous n’avez pas pris ce quiz depuis la dernière actualisation